000 00830nac a22002777a 4500
001 BR6700573
003 BR-BrBNA
005 20240105113325.0
008 230509b bl.|||m| |||| 00| 0 por d
040 _aBR-BrBNA
_bpor
_cBiblioteca Nacional de Agricultura
072 _aE71
090 _a2120 BR6700573
110 1 _aInstituto Brasileiro do Cafe, Rio de Janeiro, RJ (Brasil). Depto. Economico
_95883
245 1 _aFinlandia [cafe, importacao]
260 3 _aRio de Janeiro, RJ (Brasil):
_c1967.
300 _a44 p.
490 _aMercados Consumidores de Cafe (Brazil)
_vno. 3
_x
500 _a12 ref.; 5 tables
650 _aCAFE
650 _aIMPORTACAO
650 _aMERCADO
650 _aBALANCO DE PAGAMENTO
650 _aFINLANDIA
909 _a202312
_bLúcia Elande
_c55
_dLúcia Elande
942 _2AGRIS
_n0
_cMS
999 _c263091
_d263091